Levelezés Oláhpatak, 1888. aug. 28.

Bibliographic Details
Main Author: Terray, Béla (Author)
Format: Article
Language:Hungarian
Slovak
Subjects:

MARC

LEADER 00000nab a2200000 a 4500
001 vtls000999155
003 SK-MaSNL
005 20260318124139.0
008 040720e18880000xo 0 hun
035 |a RVH1757 
040 |a RVGKPD  |b slo  |c RVGKPD  |e AACR2 
041 0 |a slo 
044 |a xo  |c SK 
080 |a 373.31  |2 1981 
100 1 |a Terray, Béla  |4 aut  |9 1025134 
245 1 0 |a Levelezés  |b Oláhpatak, 1888. aug. 28. 
650 0 7 |a školy cirkevné základné  |2 RVGKPD  |9 1025090 
650 0 7 |a školské budovy  |2 RVGKPD  |9 2986 
650 0 7 |a rekonštrukcie  |2 RVGKPD  |9 24616 
651 7 |a Vlachovo (Slovensko)  |2 RVGKPD  |9 29546 
651 7 |a Gočovo (Slovensko)  |2 RVGKPD  |9 58511 
655 7 |a periodikum  |2 snkbucl  |9 29553 
773 0 8 |t Rozsnyói Hiradó  |g Roč. 11, č.35, 26.08.1888, s. 2 
852 |a ZVYKNI  |b KIS3GCP 
999 |c 2530778  |d 2532708